Administración de recursos humanos : el capital humano de las organizaciones /

Guardado en:
Autor Principal: Chiavenato, Idalberto
Otros Autores: Mascaró Sacristán, Pilar, trad., Hano Roa, María del Carmen, trad.
Formato: Libro
Publicado: México : Mcgraw-hill, 2007
Edición:8a. ed.
Materias:
Etiquetas: Agregar Etiqueta
Sin Etiquetas, Sea el primero en etiquetar este registro!
LEADER 01068nam a22002295a 4500
001 CEM.cems012877
005 20080520134848.0
008 130507s2007##################000#0#####d
003 CEMS
020 |a 9701061047 
082 0 4 |a 658.3 
100 1 |a Chiavenato, Idalberto 
245 1 0 |a Administración de recursos humanos :  |b el capital humano de las organizaciones /  |c Idalberto Chiavenato : 
250 |a 8a. ed. 
260 |a México :  |b Mcgraw-hill,  |c 2007 
300 |a 500 p. 
505 0 |a La interacción entre personas y empresas -- El sistema de administración de recursos humanos -- Subsistema de integración de recursos humanos -- Subsistema de organización de recursos humanos -- Subsistema de retención de los recursos humanos -- Subsistema de desarrollo de recursos humanos -- Subsistema de auditoría de recursos humanos 
653 |a Administración de empresas 
653 |a Recursos humanos 
700 1 |a Mascaró Sacristán, Pilar, trad. 
700 1 |a Hano Roa, María del Carmen, trad. 
859 |a CEMS  |b BIB. CEMS - 11 de abril  |h 658.3  |i Ch45a8  |p 25160.08  |t Ej.1